000 01054cad a22001935a 4500
001 L153310
008 110708e2011 xxk 000 0 eng d
035 _a(Sirsi) u153310
041 0 _aeng
110 2 _aUnited Kingdom
_bDepartment for Business, Innovation and Skills
_95760
245 0 4 _aThe government has today agreed to transfer land and property assets owned by Regional Development Agencies to the Homes and Communities Agency
_h[electronic resource]
260 _c2011
520 _aHomes and Communities Agency will own the assets and liabilities with local communities involved in decisions about future development plans to maximise the benefits to economic growth and regeneration in their areas. The transfer will take effect on 19 September 2011.
590 _aKA NTK
651 4 _aEngland
_y886-
690 _aENVIRONMENTAL AND LAND CONSULTANCY-PLANNING AND DEVELOPMENT-STRATEGIC PLANNING
856 4 0 _uhttps://nds.coi.gov.uk/content/Detail.aspx?ReleaseID=420270&NewsAreaID=2
_zView the item free of charge at coi.gov.uk
942 _n0
999 _c83259
_d83259